2 in 2 Minutes - Statistics

General Stats
  • This quiz has been taken 62 times
  • The average score is 12 of 20
Answer Stats
Hint Answer % Correct
Most Populated Countries {China} Asia
94%
{India} Asia
90%
First two prime numbers 2
88%
3
87%
Smallest Countries {Vatican} Europe
81%
Largest Capital Cities {Beijing} Asia
77%
{Monaco} Europe
77%
Most Spoken Languages in the world Chinese
75%
Spanish
73%
Smallest planets in the Solar System Mercury
69%
Mars
62%
{New Delhi} Asia
56%
Tallest Buildings {Burj Khalifa} UAE
54%
Wind
52%
{Funafuti} Oceania
40%
Capitals starting with F {Freetown} Africa
37%
Sheep
31%
First animals domesticated Goat
21%
World’s most used renewable power sources Hydropower
15%
{Shanghai Tower} China
2%
No matching quizzes found
Score Distribution
Percent of People with Each Score
Percentile by Number Answered
Your Score History
You have not taken this quiz